1816 1578 1067 1031 1364 1083 1153 1376 1752 1775 1955 1101 1280 1699 1465 1338 1330 1579 1550 1846 1647 1863 1648 1860 1952 1014 1858 1192 1221 1453 1469 1967 1708 1197 1155 1172 1972 1604 1273 1019 1098 1129 1150 1094 1213 1056 1339 1481 1568 1304 1721 1526 1511 1311 1593 1008 1365 1648 1460 1887 1289 1354 1967 1675 1513 1258 1456 1926 1915 1751 1568 1199 1897 1449 1589 1029 1279 1507 1218 1781 1161 1965 1825 1584 1127 1247 1094 1629 1294 1348 1415 1762 1762 1941 1450 1711 1761 1228 1566 BCNSPRNW ULIB Ver.6.0+V

เปลี่ยนเป็นภาษาไทย

Change to English
 แสดงรายละเอียดบรรณานุกรม
  กลับหน้าหลัก

Brief Record : Get Marc (ISO 2709) : E-mail record : QR code < ปิดหน้าต่าง
LEADER : 00000nam 2200000uu 4500
001    13399121971
003     ULIB
008    121217s2546||||th 000 0 tha d
020    ^a9746444654(ล.1)
060 04 ^aWF225^bว748C ล.1 2546
100 0  ^aวิวัฒนา ถนอมเกียรติ
245 10 ^aChest X-ray /^cวิวัฒนา ถนอมเกียรติ
250    ^aพิมพ์ครั้งที่ 2
260    ^aสงขลา :^bลิมบราเดอร์การพิมพ์;^c2546
300    ^a[8], 380 หน้า :^bภาพประกอบ;^c26 ซม.
504    ^aบรรณานุกรม
650  2 ^aRadiography, Thoracic
650  2 ^aDiagnostic Imaging
650  7 ^aทรวงอก^xการบันทึกภาพรังสี
710 2  ^aมหาวิทยาลัยสงขลานครินทร์. ^bคณะแพทยศาสตร์.^bภาควิชารังสีวิทยา
945    ^p450^l0^i13186
945    ^p450^l0^i13190
995    ^aกัณชพร
999 ^a ใช้งานได้ทุกระบบ
รายการนี้ยังไม่มีแท็ก
คุณยังไม่ได้ล็อกอิน คุณสามารถมีกิจกรรมร่วมกับเว็บไซต์ได้ แต่ต้องล็อกอินก่อน ::
  ล็อกอิน

รายการสื่อสารสนเทศ

ลำดับที่ ประเภท เลขเรียก/บาร์โค้ด สถานที่ สถานะ
1. วิทยาศาสตร์การแพทย์ และสุขภาพ
วิทยาศาสตร์การแพทย์ และสุขภาพ
WF225 ว748C ล.1 2546  
  Barcode: 13186
ห้องสมุดวิทยาเขตสวรรค์ประชารักษ์
►หนังสือทั่วไป
บนชั้น
2. วิทยาศาสตร์การแพทย์ และสุขภาพ
วิทยาศาสตร์การแพทย์ และสุขภาพ
WF225 ว748C ล.1 2546 ฉ.2 
  Barcode: 13190
ห้องสมุดวิทยาเขตสวรรค์ประชารักษ์
►หนังสือทั่วไป
บนชั้น

รายการใกล้เคียง
    ผู้แต่ง [วิวัฒนา ถนอมเกียรติ]

    หัวเรื่อง [Radiography, Thoracic]
    หัวเรื่อง [Diagnostic Imaging]

BibComment


ยังไม่เคยถูกคอมเมนท์

คอมเมนท์ทรัพยากรรายการนี้
  คอมเมนท์: Chest Xray วิวั..


 Copyright 2026. Bcnsprnw @Library